Т. 78, № 11; Оптический журнал

Detaylı Bibliyografya
Parent link:Оптический журнал=Journal of Optical Technology: научно-технический журнал. Т. 78, № 11.— , 1992-.— 0030-4042
Dil:Rusça
Baskı/Yayın Bilgisi: 2011
Materyal Türü: Kitap
KOHA link:https://koha.lib.tpu.ru/cgi-bin/koha/opac-detail.pl?biblionumber=463967

MARC

LEADER 00000nam2a2200000 4500
001 463967
005 20231101090039.0
035 |a (RuTPU)RU\TPU\prd\128444 
090 |a 463967 
100 |a 20120112a20119999k y0rusy50 ca 
101 0 |a rus 
102 |a RU 
200 0 |a Т. 78, № 11 
210 |d 2011 
461 1 |0 (RuTPU)RU\TPU\prd\1663  |x 0030-4042  |t Оптический журнал  |l Journal of Optical Technology  |o научно-технический журнал  |v Т. 78, № 11  |d 1992- 
801 0 |a RU  |b 63413507  |c 20010227  |g PSBO 
801 1 |a RU  |b 63413507  |c 20120112 
801 2 |a RU  |b 63413507  |c 20201215  |g RCR 
942 |c BK 
999 |a НТБ_ТПУ  |b НФ  |e -1/20110111  |p П-6493  |s 2/20110408  |u 0,00  |v 1